000 00255nam a2200097Ia 4500
008 170619s9999 xx 000 0 und d
100 _aBhattacharyya- B.C
245 0 _aMechanical Design & Fabrication of Process Equiment
260 _bKhanna Pub.
260 _c2004
546 _aENGLISH
999 _c21456
_d21456